Stimuly integrovanej produktovej politiky (IPP) diplomová práca

Saved in:
Bibliographic Details
Main Author: Slivarich, Daniel
Corporate Author: Fakulta podnikového manažmentu EU. Katedra manažmentu výroby a logistiky - zrušená
Other Authors: Rakovská, Júlia, 1972-
Format: Book
Language:Slovak
Published: Bratislava 2018
Tags: Add Tag
No Tags, Be the first to tag this record!

MARC

LEADER 00000nbm a2200000 4500
001 0244580
005 20181009131059.9
041 0 |a slo 
044 |a SK 
245 1 0 |a Stimuly integrovanej produktovej politiky (IPP)  |b diplomová práca  |c Daniel Slivarich ; školiteľ: Júlia Rakovská 
264 1 |a Bratislava  |c 2018 
300 |a 69 s. 
100 1 |a Slivarich, Daniel 
700 1 |a Rakovská, Júlia, 1972- 
710 2 |a Fakulta podnikového manažmentu EU. Katedra manažmentu výroby a logistiky - zrušená